000 00758nam a2200253 a 4500
001 BRL_950
005 20190320210952.0
008 281013s1972----nyua######---#000-0#eng-#
020 _a0486228169
041 _aeng
044 _anyu
050 4 _aNK805
_b.L57 1972
100 1 _aLipman, Jean
_d1909-1998
_925126
245 1 0 _aAmerican folk art in wood, metal and stone
_b183 ilustrations, four color plates
_cJean Lipman.
260 _aNew York
_bDover Publications
_c1972
300 _a193 p.
_bil.
_c29 cm.
500 _aAu997
504 _aBibliografía: p. 189-193
650 1 4 _aArtes decorativas
_zEstados Unidos
_925423
650 1 4 _aArte popular
_zEstados Unidos
_925127
650 1 4 _aEscultura americana
_925424
902 _aGRL
942 _2lcc
_cB
999 _c9762
_d9762